000 00591nam a22002057a 4500
003 OSt
005 20140310184524.0
008 131018t xxu||||| |||| 00| 0 eng d
020 _a0439668298
050 _aPZ 7
_b.Z94Do 2004
100 _aZullo, Allan.
_914501
245 _aThe dog who caught the crook... :
_band oher incredible true dog tales /
_cby Allan Zullo and Mara Bovsun
260 _aNew York :
_bScholastic Inc.,
_c2004.
300 _a108 p. :
_c19 cm.
521 _aG9
526 _c1020
650 _aFiction
_xDog.
_930050
942 _2lcc
_cBK-SCHOLAS
999 _c35084
_d35084